Программные средства телекоммуникаций

Λεπτομέρειες βιβλιογραφικής εγγραφής
Γλώσσα:Ρωσικά
Έκδοση: Москва, Эко-Трендз, 1993
Σειρά:Технологии электронных коммуникаций Т. 11
Θέματα:
Μορφή: Βιβλίο
KOHA link:https://koha.lib.tpu.ru/cgi-bin/koha/opac-detail.pl?biblionumber=32522

MARC

LEADER 00000nam0a2200000 4500
001 32522
005 20231030204918.0
035 |a (RuTPU)RU\TPU\book\32821 
035 |a BOOK00000026 
090 |a 32522 
100 |a 20011210d1993 k y0rusy50 ca 
101 0 |a rus 
102 |a RU 
105 |a а z 000zy 
200 1 |a Программные средства телекоммуникаций 
210 |a Москва  |c Эко-Трендз  |c Электронные знания  |d 1993 
215 |a 129 с.  |c ил. 
225 1 |a Технологии электронных коммуникаций  |v Т. 11 
610 1 |a электроника 
610 1 |a телекоммуникации 
610 1 |a локальные сети 
610 1 |a вычислительные сети 
610 1 |a ПЭВМ 
610 1 |a персональные ЭВМ 
610 1 |a KERVIT 
610 1 |a ISODE 
675 |a 621.38  |v 3 
675 |a 681.324  |v 3 
801 0 |a RU  |b 63413507  |c 20011210  |g PSBO 
801 2 |a RU  |b 63413507  |c 20190618  |g RCR 
942 |c BK